|
|
|
|
| LEADER |
00000nab a2200000ua 4500 |
| 001 |
vtls010777897 |
| 003 |
SK-MaSNL |
| 005 |
20260303123422.0 |
| 008 |
230214s1946 xo |||||||||||||||||cze| |
| 035 |
|
|
|a (urnnbn)urn:nbn:sk:snk:ar-a033ad
|
| 035 |
|
|
|a (uuid)739a3c7c-cf39-4304-9fa0-08d1f08d25c0
|
| 035 |
|
|
|a urn:nbn:sk:snk-ab52yv
|
| 040 |
|
|
|a SNKBUCL
|b slo
|c SNKBUCL
|e AACR2
|
| 041 |
0 |
|
|a cze
|
| 044 |
|
|
|a xo
|c SK
|
| 100 |
1 |
|
|a Jastuchlík, R.
|4 aut
|9 1139188
|
| 245 |
1 |
0 |
|a Psychiatrie, psychologie a neurologie
|c Jar. Stuchlík
|
| 773 |
0 |
|
|t Bratislavské lekárske listy
|g Roč. 26, č. 4 (1946), s. [157]-169
|
| 954 |
|
|
|a odborná, vedecká literatúra cudzojazyčná (svetová)
|2 lita
|
| 958 |
|
|
|a OND
|
| 958 |
|
|
|a EUIPO
|
| 958 |
|
|
|a article3
|
| 999 |
|
|
|c 1925800
|d 1927730
|